Μανιφέστο του κομμουνιστικού κόμματος

Αποθηκεύτηκε σε:
Λεπτομέρειες βιβλιογραφικής εγγραφής
Κύριος συγγραφέας: Marx, Karl, 1818-1883
Άλλοι συγγραφείς: Μπαμπασάκης, Γιώργος-Ίκαρος, 1960- (Μεταφραστής), Engels, Friedrich, 1820-1895
Μορφή: Βιβλίο
Γλώσσα:Greek
German
Δημοσίευση: Αθήνα : Ερατώ, 1997.
Θέματα:
Ετικέτες: Προσθήκη ετικέτας
Δεν υπάρχουν, Καταχωρήστε ετικέτα πρώτοι!

MARC

LEADER 00000cam a2200000 i 4500
001 1/61772
008 040923s1997 gr | ||| |||| ||gre||
020 |a 9602290927 
035 |l 10074533 
040 |a GR-MyUA  |b gre  |e AACR2 
041 1 |a gre  |h ger 
082 0 |a 335.4 
100 1 |a Marx, Karl,   |d 1818-1883. 
245 1 0 |a Μανιφέστο του κομμουνιστικού κόμματος /   |c Καρλ Μαρξ - Φρίντριχ Ένγκελς ; μετάφραση Γιώργος-Ίκαρος Μπαμπασάκης.  
260 |a Αθήνα :   |b Ερατώ,   |c 1997.  
300 |a 120 σ. ;   |c 16 εκ.  
500 |a Τίτλος πρωτοτύπου: Manifest der Kommunistischen Partei (1848).  
600 1 0 |a Marx, Karl,   |d 1818-1883. 
650 0 0 |a Communism. 
650 0 0 |a Socialism. 
700 1 |a Μπαμπασάκης, Γιώργος-Ίκαρος,   |d 1960-  |e trl 
700 1 |a Engels, Friedrich,   |d 1820-1895. 
852 |a INST  |b SAMOS  |e 20040923  |h 335.4 MAR  |p 005300023309  |q 005300023309  |t BK  |y 0 
901 |a BIBL3-2004-3 
909 |a Σ  |b 107359 
970 |a ΜΑΛΑΓΑΡΗ  |b ΦΩΤΕΙΝΗ  |z 2004/09/23